| 000 | 00362nam a2200145 a 4500 | ||
|---|---|---|---|
| 001 | 2441 | ||
| 003 | CDMR | ||
| 005 | 20130116135230.0 | ||
| 008 | 130130s1972||||||||||||||||||||||||||||d | ||
| 040 |
_aCDMR _bcat _cCDMR |
||
| 100 | 1 |
_aHijar Orcajada, María Luisa _91826 |
|
| 245 | 1 | 4 |
_aLas entrevistas _cMª Luisa Hijar Orcajada |
| 260 |
_aBarcelona _c1972 |
||
| 942 | _cTSN | ||
| 999 |
_c2441 _d2441 |
||